<?xml version="1.0" encoding="UTF-8"?>
<marc:record xmlns:marc="http://www.loc.gov/MARC21/slim">
   <marc:leader>00000nam a2200000 a 4500</marc:leader>
   <marc:datafield ind1="1" ind2=" " tag="100">
      <marc:subfield code="a">Elsberg, Marc</marc:subfield>
      <marc:subfield code="4">aut</marc:subfield>
      <marc:subfield code="e">Verfasser/-in</marc:subfield>
   </marc:datafield>
   <marc:datafield ind1="0" ind2="0" tag="245">
      <marc:subfield code="a">Blackout</marc:subfield>
   </marc:datafield>
   <marc:datafield ind1="0" ind2="0" tag="245">
      <marc:subfield code="c">Marc Elsberg</marc:subfield>
   </marc:datafield>
   <marc:datafield ind1=" " ind2="1" tag="264">
      <marc:subfield code="a">München</marc:subfield>
      <marc:subfield code="b">Blanvalet</marc:subfield>
      <marc:subfield code="c">2021</marc:subfield>
   </marc:datafield>
   <marc:datafield ind1="1" ind2=" " tag="520">
      <marc:subfield code="a">Österreichischer Thriller mit Extras. (DR) Marc Elsbergs erfolgreicher Roman "Blackout" als Neuauflage: Das erste Mal 2012 veröffentlicht, feiert er jetzt, versehen mit diversen Extras, einen zweiten Frühling. Man möchte meinen, dass das Buch jetzt sogar noch aktueller ist als bei seinem ersten Erscheinen. Was wäre wenn in ganz Europa der Strom ausgeht - und nicht mehr wiederkommt? Der italienische Informatiker Piero Manzano vermutet dahinter einen Hackerangriff, doch niemand will ihm glauben. Bis er auf den Europol-Kommisar Francois Bollard trifft. Hier wird aufgezeigt, wie abhängig wir vom Stromnetz sind, und dass es kaum einen Lebensbereich gibt, der davon unberührt ist. Der Wissenschaftsthriller ist aktuell, fesselnd geschrieben und zeigt ein mögliches Katastrophen-Szenario rund um europäische Städte. Eine klare Leseempfehlung für alle und besonders für jene, die sich schon mit der Thematik beschäftigt haben. Auch hält diese Ausgabe viele Extras bereit, z. B. Rezepte, die ohne Strom zubereitet werden, sowie Fotos aus der High-End-Thrillerserie, die dieses Jahr im Free-TV erscheinen soll.</marc:subfield>
   </marc:datafield>
   <marc:datafield ind1=" " ind2=" " tag="020">
      <marc:subfield code="a">9783764507947</marc:subfield>
      <marc:subfield code="9">9783764507947</marc:subfield>
   </marc:datafield>
   <marc:datafield ind1=" " ind2=" " tag="020">
      <marc:subfield code="a">3764507942</marc:subfield>
      <marc:subfield code="9">3764507942</marc:subfield>
   </marc:datafield>
   <marc:datafield ind1=" " ind2=" " tag="300">
      <marc:subfield code="a">894 Seiten</marc:subfield>
   </marc:datafield>
</marc:record>
